|
|
|
|
| LEADER |
00682nam a22001932a 4500 |
| 001 |
000349794 |
| 003 |
CZ BrMZK |
| 005 |
19980103143423.0 |
| 008 |
980103s1993 gw f ger d |
| 040 |
|
|
|a BOA001
|b cze
|
| 080 |
|
|
|a 532.529
|2 MRF
|
| 100 |
1 |
|
|a Rösler, Stefan
|
| 245 |
1 |
0 |
|a Analytische und experimentelle Untersuchung zu Phasenwechselwirkungsvor gängen geschlossenen in Einkomponenten-Zweiph asenströmungen /
|c Stefan Rösler.
|
| 260 |
|
|
|a Stuttgart :
|b Universität Stuttgart,
|c 1993
|
| 300 |
|
|
|a 146 s.
|
| 500 |
|
|
|a Disertace
|
| 910 |
|
|
|a BOA001
|b TK-0253.095
|
| 990 |
|
|
|a BK
|
| 996 |
7 |
|
|b 2629976277
|c TK-0253.095
|l MZK
|r Sklad / do 24 hodin
|n 0
|w 000349794
|u 000010
|a 1
|e BOA001
|j MZK50
|s A
|